Asian Coastal Capitals - Statistics

General Stats
  • This quiz has been taken 22,277 times
    21,805 since last reset
  • The average score is 12 of 16
Answer Stats
Answer % Correct
Tokyo
96%
Jakarta
92%
Singapore
88%
Bangkok
85%
Manila
85%
Taipei
77%
Abu Dhabi
76%
Doha
74%
Kuwait City
74%
Beirut
71%
Muscat
70%
Dili
64%
Manama
60%
Male
57%
Bandar Seri Begawan
56%
Sri Jayawardenepura Kotte
51%
No matching quizzes found
Score Distribution
Percent of People with Each Score
Percentile by Number Answered
Your Score History
You have not taken this quiz since the last reset